| 000 | 00688nam a2200181Ia 4500 | ||
|---|---|---|---|
| 008 | 100920s9999 xx 000 0 und d | ||
| 082 |
_b10183 _a51 थ 56 |
||
| 100 | _aअभिराग. | ||
| 245 | _aभारत-सेवक गोपाल कृष्ण गोखले. | ||
| 260 |
_bचित्रशाळा प्रकाशन, पुणे 2. _c1956 |
||
| 300 |
_a83 _bसाधी |
||
| 365 | _b0.75 | ||
| 520 | _aचरित्र. | ||
| 630 | _aभारत-सेवक गोपाल कृष्ण गोखले. | ||
| 650 | _aचरित्र. | ||
| 730 | _aभारत-सेवक गोपाल कृष्ण गोखले. | ||
| 942 | _cBOOK | ||
| 999 |
_c676742 _d676739 |
||